Statistics for 2023 Tour Championship qualifiers

Click here to take the quiz!

General Stats

  • This quiz has been taken 8 times
  • The average score is 21 of 30

Answer Stats

AnswerHint% Correct
Bradley13
100%
Glover5
100%
Hovland2
100%
Mcilroy3
100%
Moore25
100%
Rahm4
100%
Scheffler1
100%
SW Kim16
100%
Taylor26
100%
T Kim20
100%
Cantlay9
75%
Fitzpatrick7
75%
Fowler12
75%
Grillo28
75%
Harman8
75%
Morikawa23
75%
Spieth21
75%
Straka30
75%
Clark6
50%
Day22
50%
Finau19
50%
Fleetwood15
50%
Hatton27
50%
Henly14
50%
Im18
50%
Schauffele11
50%
Schenk24
50%
Burns29
25%
Conners17
25%
Homa10
25%

Score Distribution

Percentile by Number Answered

Percent of People with Each Score

Your Score History

You have not taken this quiz